All the parables of the Bible : (Record no. 10843)

MARC details
000 -LEADER
fixed length control field 01118cam a22002771a 4500
001 - CONTROL NUMBER
control field 8913930
005 - DATE AND TIME OF LATEST TRANSACTION
control field 20050711181644.0
008 - FIXED-LENGTH DATA ELEMENTS--GENERAL INFORMATION
fixed length control field 961205s1963 miu 000 0 eng
010 ## - LIBRARY OF CONGRESS CONTROL NUMBER
LC control number 63015746
035 ## - SYSTEM CONTROL NUMBER
System control number (OCoLC)36038696
040 ## - CATALOGING SOURCE
Original cataloging agency DLC
Transcribing agency WMeqW
Modifying agency ODaWU
-- OCoLC
-- DLC
042 ## - AUTHENTICATION CODE
Authentication code premarc
050 00 - LIBRARY OF CONGRESS CALL NUMBER
Classification number BS680
Item number .P3 L63 1963
630 00 - SUBJECT ADDED ENTRY--UNIFORM TITLE
Uniform title Bible
100 1# - MAIN ENTRY--PERSONAL NAME
Personal name Lockyer, Herbert.
245 10 - TITLE STATEMENT
Title All the parables of the Bible :
Remainder of title a study and analysis of the more than 250 parables in Scripture, including those in the Old Testament, as well as those of Our Lord, and others, in the New Testament
Statement of responsibility, etc Herbert Lockyer.
260 ## - PUBLICATION, DISTRIBUTION, ETC. (IMPRINT)
Place of publication, distribution, etc Grand Rapids, Mich. :
Name of publisher, distributor, etc Zondervan Pub. House,
Date of publication, distribution, etc 1963
300 ## - PHYSICAL DESCRIPTION
Extent 381 p. ;
Dimensions 24 cm.
490 0# - SERIES STATEMENT
Series statement The "all" series.
500 ## - GENERAL NOTE
General note Includes indexes.
504 ## - BIBLIOGRAPHY, ETC. NOTE
Bibliography, etc Bibliography: p. 373-374.
630 00 - SUBJECT ADDED ENTRY--UNIFORM TITLE
General subdivision Parables.
740 0# - ADDED ENTRY--UNCONTROLLED RELATED/ANALYTICAL TITLE
Uncontrolled related/analytical title Parables of the Bible.
906 ## - LOCAL DATA ELEMENT F, LDF (RLIN)
a 7
b cbc
c oclcrpl
d u
e ncip
f 19
g y-gencatlg
942 ## - ADDED ENTRY ELEMENTS (KOHA)
Source of classification or shelving scheme Library of Congress Classification
Item type Book
Holdings
Withdrawn status Lost status Source of classification or shelving scheme Damaged status Not for loan Collection code Home library Current library Shelving location Date acquired Total Checkouts Total Renewals Full call number Barcode Date last borrowed Price effective from Koha item type
    Library of Congress Classification     Non-fiction Bishop Okullu Memorial Library (Limuru Campus) Bishop Okullu Memorial Library (Limuru Campus) General Circulation 15/12/2008 5 1 BS680 .P3L63 1963 006165 16/09/2022 15/12/2008 Book